[Event "7th Sharjah Masters 2024"]
[Site "Sharjah UAE"]
[Date "2024.05.16"]
[Round "3.24"]
[White "Erdogmus, Yagiz Kaan"]
[Black "Suleymanli, Aydin"]
[Result "0-1"]
[WhiteTitle "IM"]
[BlackTitle "GM"]
[WhiteElo "2554"]
[BlackElo "2621"]
[WhiteFideId "44599790"]
[BlackFideId "13413937"]
[EventDate "2024.05.14"]

1. d4 Nf6 2. c4 e6 3. Nc3 Bb4 4. f3 c5 5. d5 d6 6. e4 b5 7. Ne2 bxc4 8. Nf4 e5
9. Ne2 Nbd7 10. Ng3 Nb6 11. Be2 Ng8 12. h4 f5 13. f4 Nf6 14. O-O O-O 15. fxe5
dxe5 16. exf5 Bb7 17. d6 Bxc3 18. bxc3 Bd5 19. a4 a5 20. Rb1 Qxd6 21. Nh5 Nfd7
22. f6 g6 23. Qd2 Rf7 24. Qg5 Be4 25. Rxb6 Nxb6 26. Ng3 Bc2 27. h5 Raf8 28. hxg6
hxg6 29. Nh5 Rh7 30. Ng3 Kh8 31. Rf2 Bb1 32. Nf1 Nd7 33. Ne3 Bd3 34. Nxc4 Bxc4
35. Bxc4 Rxf6 36. Rd2 Qf8 37. Rd1 Rf5 38. Qxg6 Rfh5 39. Qxh5 Rxh5 40. Rxd7 Qf6
41. Be2 Rh7 42. Rd3 Qh4 43. Bd2 Qh1+ 44. Kf2 Rf7+ 45. Kg3 Rg7+ 46. Bg4 Qh5 0-1

[Event "7th Sharjah Masters 2024"]
[Site "Sharjah UAE"]
[Date "2024.05.16"]
[Round "3.25"]
[White "Gledura, Benjamin"]
[Black "Adhiban, Baskaran"]
[Result "1/2-1/2"]
[WhiteTitle "GM"]
[BlackTitle "GM"]
[WhiteElo "2619"]
[BlackElo "2523"]
[WhiteFideId "712779"]
[BlackFideId "5018471"]
[EventDate "2024.05.14"]

1. d4 d5 2. c4 e6 3. Nf3 Nf6 4. Nc3 Bb4 5. Qa4+ Nc6 6. Qc2 O-O 7. Bg5 h6 8. Bxf6
Qxf6 9. a3 Bxc3+ 10. Qxc3 dxc4 11. e3 Re8 12. Bxc4 e5 13. dxe5 Nxe5 14. Nxe5
Qxe5 15. Qxe5 Re7 16. Qe6 Rxe6 17. Ke2 Re5 18. f3 Be6 19. Bxe6 Rxe6 20. Rhd1
Rae8 21. Rd3 Rc6 22. Rad1 Rc2+ 23. R1d2 Rxd2+ 24. Kxd2 Kf8 25. Rd7 Re7 26. Rd8+
Re8 27. Rd7 Re7 28. Rd8+ Re8 1/2-1/2

[Event "7th Sharjah Masters 2024"]
[Site "Sharjah UAE"]
[Date "2024.05.16"]
[Round "3.27"]
[White "Gupta, Abhijeet"]
[Black "Zemlyanskii, Ivan"]
[Result "0-1"]
[WhiteTitle "GM"]
[BlackTitle "FM"]
[WhiteElo "2604"]
[BlackElo "2516"]
[WhiteFideId "5010608"]
[BlackFideId "24249971"]
[EventDate "2024.05.14"]

1. Nf3 Nf6 2. c4 g6 3. Nc3 d5 4. cxd5 Nxd5 5. h4 Bg7 6. e4 Nxc3 7. dxc3 Qxd1+ 8.
Kxd1 Nd7 9. h5 b6 10. Be3 Bb7 11. Nd2 O-O-O 12. h6 Be5 13. Kc2 f5 14. f3 fxe4
15. Nxe4 Bxe4+ 16. fxe4 Nf6 17. Rh4 Bg3 18. Rh3 Bd6 19. Bd3 Rhf8 20. Rd1 Ng4 21.
Ba6+ Kb8 22. b4 c6 23. Kb3 Kc7 24. Be2 Nf2 25. Bxf2 Rxf2 26. Bf3 Be5 27. Rxd8
Kxd8 28. Rh1 e6 29. a4 a6 30. Rc1 Ke7 31. Rc2 Rxc2 32. Kxc2 Bf4 33. Be2 a5 34.
Kd3 Kd6 35. Kc4 Bxh6 36. e5+ Kxe5 37. bxa5 bxa5 38. Kc5 Bd2 39. c4 Bb4+ 40. Kxc6
Kd4 41. c5 e5 42. Kb5 Bxc5 43. Kxa5 Kc3 44. Kb5 Ba7 45. Kc6 0-1

[Event "7th Sharjah Masters 2024"]
[Site "Sharjah UAE"]
[Date "2024.05.16"]
[Round "3.28"]
[White "Royal, Shreyas"]
[Black "Kuybokarov, Temur"]
[Result "1-0"]
[WhiteTitle "IM"]
[BlackTitle "GM"]
[WhiteElo "2464"]
[BlackElo "2602"]
[WhiteFideId "448869"]
[BlackFideId "14203049"]
[EventDate "2024.05.14"]

1. d4 Nf6 2. c4 c6 3. Nf3 d5 4. Nbd2 Bf5 5. Nh4 Be4 6. Qb3 Qc7 7. Nxe4 Nxe4 8.
Nf3 e6 9. Nd2 Nf6 10. g3 g6 11. Bg2 Bg7 12. O-O O-O 13. Qc2 a5 14. b3 Na6 15.
Bb2 Rfd8 16. a3 Rac8 17. Rac1 h5 18. h4 Qe7 19. Rfd1 Nc7 20. Bc3 Ra8 21. Qb2
Nce8 22. e4 dxe4 23. Nxe4 Nxe4 24. Bxe4 Nf6 25. Bg2 Ng4 26. Re1 Qf8 27. Rcd1 Bf6
28. d5 Bxc3 29. Qxc3 Qc5 30. Qd4 Qxa3 31. Qb6 cxd5 32. cxd5 Rd6 33. Qxb7 Rad8
34. Bf3 Qc5 35. Bxg4 hxg4 36. Qe7 R8d7 37. Qe8+ Kg7 38. dxe6 fxe6 39. Rxd6 Rxd6
40. Qe7+ Kg8 41. Qe8+ Kg7 42. Rxe6 Rd1+ 43. Re1 Qd5 44. Qe7+ Kg8 45. Kh2 Rxe1
46. Qxe1 Qxb3 47. Qxa5 Qf3 48. Qa7 Qf5 49. Qb8+ Kf7 50. Qc7+ Kf6 51. Qb6+ Kg7
52. Qd4+ Kf7 53. Kg2 Qf3+ 54. Kf1 Kg8 55. Ke1 Qf5 56. Kd2 g5 57. hxg5 Qxg5+ 58.
Qf4 Qg6 59. Qe5 Qh6+ 60. Kd3 Qa6+ 61. Ke3 Qa3+ 62. Kf4 Qf3+ 63. Kg5 Qxf2 64.
Qb8+ Kg7 65. Qc7+ Kg8 66. Kg6 Kf8 67. Qd8# 1-0

[Event "7th Sharjah Masters 2024"]
[Site "Sharjah UAE"]
[Date "2024.05.16"]
[Round "3.29"]
[White "Vakhidov, Jakhongir"]
[Black "Madaminov, Mukhiddin"]
[Result "1-0"]
[WhiteTitle "GM"]
[BlackTitle "IM"]
[WhiteElo "2599"]
[BlackElo "2506"]
[WhiteFideId "14201801"]
[BlackFideId "14210703"]
[EventDate "2024.05.14"]

1. c4 Nf6 2. Nc3 e5 3. Nf3 Nc6 4. e4 Bb4 5. d3 d6 6. a3 Bc5 7. b4 Bb6 8. Na4 Bd4
9. Rb1 Bg4 10. Be2 Bxf3 11. Bxf3 a6 12. Qd2 O-O 13. O-O Ba7 14. Nc3 Nd4 15. Bd1
b5 16. Kh1 c6 17. a4 h6 18. axb5 axb5 19. cxb5 Nxb5 20. Nxb5 cxb5 21. Bb2 d5 22.
Bxe5 dxe4 23. Bxf6 Qxf6 24. dxe4 Rad8 25. Qe2 Rd4 26. Bb3 Qe7 27. e5 Rxb4 28. f4
Kh8 29. Bc2 Rd8 30. Rbe1 Qc5 31. e6 fxe6 32. f5 exf5 33. Rxf5 Qc8 34. Rd5 Rg8
35. Qd3 g6 36. Rd7 Qc5 37. Rd8 Qb6 38. Rxg8+ Kxg8 39. Re8+ 1-0

[Event "7th Sharjah Masters 2024"]
[Site "Sharjah UAE"]
[Date "2024.05.16"]
[Round "3.30"]
[White "Mendonca, Leon Luke"]
[Black "Gholami Orimi, Mahdi"]
[Result "1-0"]
[WhiteTitle "GM"]
[BlackTitle "IM"]
[WhiteElo "2640"]
[BlackElo "2470"]
[WhiteFideId "35028561"]
[BlackFideId "12558486"]
[EventDate "2024.05.14"]

1. e4 c5 2. Nf3 a6 3. c4 Nc6 4. d4 cxd4 5. Nxd4 Nf6 6. Nc3 e5 7. Nc2 Bc5 8. Be3
Bxe3 9. Nxe3 d6 10. Bd3 O-O 11. O-O Be6 12. Rc1 Rc8 13. b3 Kh8 14. Kh1 Nd4 15.
f4 exf4 16. Rxf4 Nd7 17. Qh5 Ne5 18. Bb1 g6 19. Qh6 f6 20. Nf5 Qd7 21. Nxd4 Nf7
22. Qh4 g5 23. Qh5 gxf4 24. e5 Ng5 25. exf6 Rc5 26. Qh6 Rg8 27. h4 f3 28. hxg5
Rgxg5 29. Nd5 Rgxd5 30. cxd5 Rxc1+ 31. Qxc1 Bxd5 32. gxf3 Qh3+ 33. Kg1 Qg3+ 34.
Kf1 Qh3+ 35. Ke2 Qg2+ 36. Kd3 Qg6+ 37. Kc3 Qxf6 38. Qh1 Bg8 39. Qh5 b5 40. Be4
Qe7 41. Kd3 Qf6 42. Qe8 Qg5 43. Qf8 d5 44. Bxd5 1-0

[Event "7th Sharjah Masters 2024"]
[Site "Sharjah UAE"]
[Date "2024.05.16"]
[Round "3.32"]
[White "Nikitenko, Mihail"]
[Black "Yilmaz, Mustafa"]
[Result "1-0"]
[WhiteTitle "GM"]
[BlackTitle "GM"]
[WhiteElo "2529"]
[BlackElo "2641"]
[WhiteFideId "13506862"]
[BlackFideId "6302718"]
[EventDate "2024.05.14"]

1. e4 c5 2. Nf3 d6 3. d4 cxd4 4. Nxd4 Nf6 5. Nc3 a6 6. Be3 e5 7. Nb3 Be6 8. Qd2
Nbd7 9. f4 b5 10. O-O-O Be7 11. h3 h5 12. Rg1 h4 13. Kb1 Rc8 14. a3 Qc7 15. f5
Bc4 16. g4 hxg3 17. Rxg3 d5 18. Rxg7 Bxb3 19. cxb3 d4 20. Bxd4 exd4 21. Qxd4
Bxa3 22. b4 Rh4 23. Rg2 Rxh3 24. Nd5 Nxd5 25. exd5 Bxb2 26. Qxb2 Re3 27. d6 1-0

[Event "7th Sharjah Masters 2024"]
[Site "Sharjah UAE"]
[Date "2024.05.16"]
[Round "3.33"]
[White "Pranav, Anand"]
[Black "Sargsyan, Shant"]
[Result "1/2-1/2"]
[WhiteTitle "GM"]
[BlackTitle "GM"]
[WhiteElo "2532"]
[BlackElo "2637"]
[WhiteFideId "46626786"]
[BlackFideId "13306766"]
[EventDate "2024.05.14"]

1. e4 c5 2. Nf3 Nc6 3. Bb5 e6 4. Bxc6 bxc6 5. b3 f6 6. d3 e5 7. Nh4 Ne7 8. f4
exf4 9. Bxf4 d5 10. O-O g5 11. Qh5+ Kd7 12. Bd2 gxh4 13. Rxf6 Qe8 14. Rf7 Kc7
15. exd5 Bg7 16. Nc3 Bd4+ 17. Kh1 Bg4 18. d6+ Kb6 19. Qxg4 Qxf7 20. dxe7 Qxe7
21. Na4+ Kb7 22. c3 Rag8 23. Qh3 Bf2 24. b4 cxb4 25. d4 Rf8 26. Nc5+ Ka8 27. Nd7
Be1 28. Nxf8 Rxf8 1/2-1/2

[Event "7th Sharjah Masters 2024"]
[Site "Sharjah UAE"]
[Date "2024.05.16"]
[Round "3.34"]
[White "Banusz, Tamas"]
[Black "Gavrilescu, David"]
[Result "1/2-1/2"]
[WhiteTitle "GM"]
[BlackTitle "GM"]
[WhiteElo "2623"]
[BlackElo "2540"]
[WhiteFideId "722413"]
[BlackFideId "1227190"]
[EventDate "2024.05.14"]

1. c4 e6 2. Nc3 d5 3. d4 Nf6 4. cxd5 exd5 5. Bg5 Bb4 6. e3 h6 7. Bf4 Bd6 8. Bxd6
Qxd6 9. Bd3 O-O 10. Nge2 Re8 11. Qc2 a6 12. Rd1 Nbd7 13. O-O b6 14. Ng3 Bb7 15.
Rfe1 Rad8 16. f3 c5 17. Nf5 Qf8 18. Qf2 g6 19. Qg3 Re6 20. Ne2 Kh8 21. Nh4 Qg7
22. Nf4 Ree8 23. Bc2 Nf8 24. Nd3 N6d7 25. Qf2 Ne6 26. f4 cxd4 27. f5 dxe3 28.
Qxe3 Nef8 29. Qf2 g5 30. Nf3 Nh7 31. h4 g4 32. Nd2 g3 33. Qf4 Nhf6 34. Nf3 Ne4
35. Qc7 Ba8 36. Nf4 Ndf6 37. Qxb6 Rb8 38. Qd4 a5 39. b3 Kg8 1/2-1/2

[Event "7th Sharjah Masters 2024"]
[Site "Sharjah UAE"]
[Date "2024.05.16"]
[Round "3.35"]
[White "Klimkowski, Jan"]
[Black "Idani, Pouya"]
[Result "0-1"]
[WhiteTitle "IM"]
[BlackTitle "GM"]
[WhiteElo "2518"]
[BlackElo "2605"]
[WhiteFideId "21856222"]
[BlackFideId "12510130"]
[EventDate "2024.05.14"]

1. e4 c6 2. Nf3 d5 3. Nc3 dxe4 4. Nxe4 Nf6 5. Qe2 Nxe4 6. Qxe4 Nd7 7. d4 Nf6 8.
Qd3 g6 9. Be2 Bg7 10. O-O O-O 11. Re1 Qc7 12. a4 Bf5 13. Qb3 c5 14. c3 Be4 15.
dxc5 Qxc5 16. Bf4 a6 17. Ne5 Rac8 18. Rad1 Nd5 19. Bg3 Bxe5 20. Bxe5 Ne3 21.
fxe3 Qxe5 22. Rd4 Bc2 23. Qxb7 Qxe3+ 24. Kf1 Rc5 25. g4 e5 26. Rb4 a5 27. Rb5
Be4 28. Qxe4 Qxe4 29. Rxc5 Qh1+ 0-1

[Event "7th Sharjah Masters 2024"]
[Site "Sharjah UAE"]
[Date "2024.05.16"]
[Round "3.36"]
[White "Yilmazyerli, Mert"]
[Black "Jumabayev, Rinat"]
[Result "1/2-1/2"]
[WhiteTitle "GM"]
[BlackTitle "GM"]
[WhiteElo "2522"]
[BlackElo "2597"]
[WhiteFideId "6305962"]
[BlackFideId "13702661"]
[EventDate "2024.05.14"]

1. d4 Nf6 2. c4 g6 3. Nf3 Bg7 4. g3 d6 5. Bg2 O-O 6. Nc3 Nbd7 7. O-O e5 8. h3
Re8 9. e4 exd4 10. Nxd4 c6 11. Rb1 a5 12. Re1 Nc5 13. b3 Bd7 14. Bf4 Qb6 15. Be3
Rad8 16. Qc2 Qc7 17. f4 h5 18. Rbd1 Qc8 19. Kh2 b5 20. cxb5 cxb5 21. Ndxb5 Ncxe4
22. Rc1 d5 23. Nxe4 Qxc2 24. Nxf6+ Bxf6 25. Rxc2 Bxb5 26. Rc5 d4 27. Bd2 Bd3 28.
Rxa5 Kg7 29. Rd5 Rxe1 30. Bxe1 Re8 31. Bf2 Re2 32. Kg1 Rxa2 33. Bf3 Ra1+ 34. Kh2
Ra2 35. Kg1 Ra1+ 36. Kh2 Ra2 37. Kg1 Re2 38. Bg2 Bf5 1/2-1/2

[Event "7th Sharjah Masters 2024"]
[Site "Sharjah UAE"]
[Date "2024.05.16"]
[Round "3.37"]
[White "Sethuraman, S.P."]
[Black "Raja, Rithvik R"]
[Result "1/2-1/2"]
[WhiteTitle "GM"]
[BlackTitle "GM"]
[WhiteElo "2593"]
[BlackElo "2524"]
[WhiteFideId "5021596"]
[BlackFideId "35007394"]
[EventDate "2024.05.14"]

1. e4 e5 2. Nf3 Nc6 3. Bc4 Bc5 4. d3 Nf6 5. Bg5 d6 6. c3 h6 7. Bh4 g5 8. Bg3 a5
9. Nbd2 O-O 10. h4 g4 11. Nh2 h5 12. Qe2 Ne7 13. f4 Ng6 14. f5 Nf4 15. Bxf4 exf4
16. d4 Bb6 17. O-O-O d5 18. Qf1 Nxe4 19. Nxe4 dxe4 20. Qxf4 Qf6 21. Nf1 Qxf5 22.
Qh6 Qh7 23. Qg5+ Kh8 24. Ng3 f6 25. Qf4 c6 26. Nxe4 Bc7 27. Qd2 Bf5 28. Nc5 b6
29. Ne6 Bxe6 30. Bxe6 f5 31. Rde1 Rf6 32. Rhf1 Raf8 33. d5 cxd5 34. Bxd5 Qh6 35.
Re7 Qxd2+ 36. Kxd2 Bg3 37. Kc2 Rd6 38. c4 Bxh4 39. Re5 Bg5 40. Rfxf5 Rxf5 41.
Rxf5 Rg6 42. Bf7 Rg7 43. Bxh5 Be3 44. Re5 Bc5 45. a3 Kh7 46. Re4 g3 47. Bf3 Kg6
48. Kc3 Kf6 49. b4 axb4+ 50. axb4 Bf2 51. Kb3 Re7 52. Rg4 Re1 53. Ka4 Rb1 54.
Kb5 Bc5 55. Rg6+ Ke5 56. Rg5+ Kd4 57. Rg4+ Ke5 58. Rg5+ Kd4 59. Kc6 Rxb4 60.
Rxg3 Rxc4 61. Rg4+ Kc3 1/2-1/2

[Event "7th Sharjah Masters 2024"]
[Site "Sharjah UAE"]
[Date "2024.05.16"]
[Round "3.38"]
[White "Avila Pavas, Santiago"]
[Black "Moroni, Luca Jr"]
[Result "0-1"]
[WhiteTitle "GM"]
[BlackTitle "GM"]
[WhiteElo "2516"]
[BlackElo "2581"]
[WhiteFideId "4437128"]
[BlackFideId "865834"]
[EventDate "2024.05.14"]

1. e4 c5 2. Nf3 Nc6 3. Bb5 Qc7 4. O-O a6 5. Bxc6 dxc6 6. h3 e5 7. a4 a5 8. Na3
Ne7 9. c3 Ng6 10. d4 cxd4 11. cxd4 exd4 12. Qxd4 Be6 13. Ng5 Bd7 14. Rd1 Rd8 15.
Qc4 Ne5 16. Bf4 Nf3+ 17. Nxf3 Qxf4 18. Qc3 Be7 19. Nc4 O-O 20. Nxa5 Bc8 21. Qe5
Qxe5 22. Nxe5 f6 23. Nf3 Bb4 24. Nc4 Be6 25. Ne3 Bb3 26. Rxd8 Rxd8 27. a5 Bc5
28. a6 Ra8 29. Rc1 b6 30. Ra1 Ra7 31. Nf5 Bc2 32. Ng3 Bd3 33. Nh4 Kf7 34. Nhf5
g6 35. Rd1 Bxa6 36. Nh6+ Kg7 37. Ng4 h5 38. Ne3 Bb5 39. h4 Kf7 40. Rd8 Ra1+ 41.
Kh2 Rb1 42. Rd7+ Ke6 43. Rg7 Bf8 44. Rb7 Bc5 45. Rg7 Bxe3 46. fxe3 Rxb2 47. Rxg6
Be2 48. Nf5 Ke5 49. Ne7 Rc2 50. Rg8 Kxe4 51. Rc8 c5 52. Kg3 Bf1 0-1

[Event "7th Sharjah Masters 2024"]
[Site "Sharjah UAE"]
[Date "2024.05.16"]
[Round "3.39"]
[White "Gurel, Ediz"]
[Black "Cardoso Cardoso, Jose Gabriel"]
[Result "1-0"]
[WhiteTitle "GM"]
[BlackTitle "GM"]
[WhiteElo "2578"]
[BlackElo "2497"]
[WhiteFideId "44507356"]
[BlackFideId "4430492"]
[EventDate "2024.05.14"]

1. e4 c5 2. Nf3 d6 3. d4 cxd4 4. Nxd4 Nf6 5. Nc3 a6 6. Bg5 Nbd7 7. Bc4 Qb6 8.
Bb3 e6 9. Bxf6 Nxf6 10. Qd2 Nd7 11. O-O-O Nc5 12. Rhe1 Bd7 13. Nf5 O-O-O 14.
Nxd6+ Bxd6 15. Qxd6 Nxb3+ 16. axb3 Qxf2 17. Rf1 Qe3+ 18. Kb1 Bb5 19. Nxb5 Rxd6
20. Nxd6+ Kb8 21. Rxf7 Rd8 22. Ka2 Qe2 23. Rd4 Ka8 24. Rxg7 Qh5 25. Nb5 Rf8 26.
Na3 Qxh2 27. Nc4 Qh4 28. c3 Rd8 29. Nb6+ Ka7 30. Rb4 a5 31. Rb5 Qxe4 32. Nc4 a4
33. Ra5+ 1-0

[Event "7th Sharjah Masters 2024"]
[Site "Sharjah UAE"]
[Date "2024.05.16"]
[Round "3.40"]
[White "Dronavalli, Harika"]
[Black "Peralta, Fernando"]
[Result "1/2-1/2"]
[WhiteTitle "GM"]
[BlackTitle "GM"]
[WhiteElo "2504"]
[BlackElo "2575"]
[WhiteFideId "5015197"]
[BlackFideId "105309"]
[EventDate "2024.05.14"]

1. d4 Nf6 2. c4 e6 3. Nc3 Bb4 4. Qc2 d6 5. e3 c5 6. Nf3 O-O 7. Bd3 d5 8. a3
Bxc3+ 9. Qxc3 cxd4 10. exd4 dxc4 11. Bxc4 b6 12. Bg5 Bb7 13. Qd3 Nbd7 14. O-O
Rc8 15. Rac1 h6 16. Bd2 Nd5 17. Ne5 Nxe5 18. dxe5 Qh4 19. Bxd5 Bxd5 20. Qg3 Qh5
21. h3 Rfd8 22. Bf4 Bb7 23. Kh2 Kh7 24. Rxc8 Rxc8 25. Qd3+ Qg6 26. Qxg6+ Kxg6
27. Rc1 Rxc1 28. Bxc1 Kf5 29. Bd2 g6 1/2-1/2

[Event "7th Sharjah Masters 2024"]
[Site "Sharjah UAE"]
[Date "2024.05.16"]
[Round "3.41"]
[White "Seemann, Jakub"]
[Black "Can, Emre"]
[Result "1-0"]
[WhiteTitle "IM"]
[BlackTitle "GM"]
[WhiteElo "2475"]
[BlackElo "2549"]
[WhiteFideId "21874697"]
[BlackFideId "6302181"]
[EventDate "2024.05.14"]

1. e4 c5 2. Nf3 d6 3. d4 cxd4 4. Nxd4 Nf6 5. Nc3 a6 6. h3 e6 7. g4 d5 8. exd5
Nxd5 9. Nde2 h5 10. Nxd5 exd5 11. Qd3 hxg4 12. Bd2 Nd7 13. Qxd5 Qb6 14. O-O-O
Nf6 15. Qe5+ Qe6 16. Qxe6+ Bxe6 17. Nf4 Bc5 18. Bg2 O-O-O 19. Nxe6 fxe6 20. Rdf1
Kc7 21. Bf4+ Kb6 22. Re1 Rde8 23. hxg4 Rxh1 24. Rxh1 Nxg4 25. Rh3 Ka7 26. Rc3
Bb6 27. Bc7 Re7 28. Bxb6+ Kxb6 29. Rc4 Nf6 30. Rb4+ Ka7 31. Kd2 Nd5 32. Rd4 Rf7
33. Bxd5 exd5 34. Ke3 Re7+ 35. Kf3 Re5 36. Rd2 Kb6 37. Kf4 Rh5 38. Re2 Rh4+ 39.
Ke5 Kc5 40. f4 Rh5+ 41. Ke6 Rh6+ 42. Kf5 Kd6 43. c3 a5 44. a4 Rh5+ 45. Kg6 Rh4
46. f5 Rg4+ 47. Kh5 Re4 48. Rg2 Ke7 49. Kg6 Kf8 50. Rd2 Rg4+ 51. Kh5 Rxa4 52.
Rxd5 Ra1 53. Rb5 Kf7 54. Kg5 a4 55. Rxb7+ Kf8 56. Rb8+ Kf7 57. Rb7+ Kf8 58. Kf4
a3 59. bxa3 Rxa3 60. c4 Ra6 61. Ke5 Ra5+ 62. Ke6 Ra6+ 63. Kd7 Ra5 64. Rb5 Ra7+
65. Kc6 Ra6+ 66. Rb6 Ra5 67. c5 Ke7 68. Rb5 Ra1 69. Kb7 Rc1 70. c6 Kd6 71. Rb2
Ke5 72. Rg2 Kd5 1-0

[Event "7th Sharjah Masters 2024"]
[Site "Sharjah UAE"]
[Date "2024.05.16"]
[Round "3.42"]
[White "Erdos, Viktor"]
[Black "Assaubayeva, Bibisara"]
[Result "1/2-1/2"]
[WhiteTitle "GM"]
[BlackTitle "IM"]
[WhiteElo "2546"]
[BlackElo "2481"]
[WhiteFideId "719978"]
[BlackFideId "13708694"]
[EventDate "2024.05.14"]

1. e4 e5 2. Nf3 Nc6 3. Bb5 a6 4. Ba4 Nf6 5. O-O Bc5 6. d3 b5 7. Bb3 O-O 8. Nc3
h6 9. Nd5 Re8 10. Be3 d6 11. a4 Rb8 12. axb5 axb5 13. c3 Nxd5 14. Bxd5 Qd7 15.
Qd2 Bxe3 16. fxe3 Nd8 17. Ra7 Bb7 18. Nh4 c6 19. Bb3 d5 20. Nf5 Kh7 21. Qf2 Ra8
22. Rxa8 Bxa8 23. d4 g6 24. Ng3 Qe7 25. Qf6 Qxf6 26. Rxf6 Kg7 27. Rd6 Nb7 28.
Rd7 Na5 29. Ba2 Nc4 30. Bxc4 bxc4 31. Ra7 exd4 32. exd4 Rb8 33. e5 Bb7 34. Kf2
Bc8 35. Ra2 Be6 1/2-1/2

[Event "7th Sharjah Masters 2024"]
[Site "Sharjah UAE"]
[Date "2024.05.16"]
[Round "3.43"]
[White "Samant, Aditya S"]
[Black "Dudin, Gleb"]
[Result "0-1"]
[WhiteTitle "GM"]
[BlackTitle "GM"]
[WhiteElo "2501"]
[BlackElo "2554"]
[WhiteFideId "35080580"]
[BlackFideId "34184934"]
[EventDate "2024.05.14"]

1. e4 c5 2. Nf3 d6 3. d4 cxd4 4. Nxd4 Nf6 5. Nc3 a6 6. h3 e5 7. Nb3 Be7 8. g4 h6
9. Be3 Nbd7 10. Qf3 b5 11. O-O-O b4 12. Nd5 Nxd5 13. exd5 a5 14. Nd2 a4 15. Kb1
O-O 16. Ne4 Qc7 17. Rg1 b3 18. cxb3 axb3 19. Rc1 Qa5 20. a3 Bb7 21. Bc4 Bxd5 22.
Bxd5 Qxd5 23. Rgd1 Qe6 24. Rc6 Nb8 25. Rc3 Ra4 26. Ng3 Nd7 27. Qc6 Rfa8 28. Nf5
Bf8 29. Rcd3 Nf6 30. Nxd6 Ne4 31. Qxe4 Rxe4 32. Nxe4 Qc4 33. Nc3 Kh7 34. f3 Be7
35. Kc1 Bf6 36. Kb1 e4 37. fxe4 Rxa3 38. bxa3 Bxc3 39. Bc1 Bb4 40. R3d2 Bxd2 41.
Rxd2 Qxe4+ 42. Kb2 Qc4 43. Kb1 h5 44. gxh5 f5 45. Rb2 Qd3+ 46. Ka1 Qxh3 47. a4
Qf1 48. Kb1 Qd3+ 49. Ka1 Qc4 50. Kb1 Qe4+ 51. Ka1 Qxa4+ 52. Kb1 f4 53. Rf2 Qe4+
54. Ka1 Qd4+ 55. Rb2 f3 0-1

[Event "7th Sharjah Masters 2024"]
[Site "Sharjah UAE"]
[Date "2024.05.16"]
[Round "3.44"]
[White "Bharath, Subramaniyam H"]
[Black "Suleymenov, Alisher"]
[Result "1-0"]
[WhiteTitle "GM"]
[BlackTitle "GM"]
[WhiteElo "2545"]
[BlackElo "2501"]
[WhiteFideId "46634827"]
[BlackFideId "13707833"]
[EventDate "2024.05.14"]

1. e4 c5 2. Nf3 d6 3. Nc3 Nf6 4. d4 cxd4 5. Qxd4 Nc6 6. Qd3 g6 7. Nd5 Bg7 8. c3
Nd7 9. Bg5 h6 10. Bh4 g5 11. Bg3 e6 12. Ne3 Nde5 13. Nxe5 dxe5 14. Qc2 Qe7 15.
O-O-O Bd7 16. Kb1 O-O-O 17. f3 Kb8 18. Bf2 f5 19. exf5 exf5 20. Bd3 f4 21. Nd5
Qf7 22. Bg6 Qg8 23. Qa4 Bf8 24. Be4 Qf7 25. Nb4 Bxb4 26. Bxc6 Qh7+ 27. Ka1 Bxc6
28. Qxa7+ Kc8 29. cxb4 Rxd1+ 30. Rxd1 b5 31. Qc5 Qc7 32. Rc1 Kb7 33. Qa7+ Kc8
34. Qa6+ Kd7 35. Bb6 Qb7 36. Qxb7+ Bxb7 37. Rc7+ Kd6 38. Rxb7 Kc6 39. Re7 Kxb6
40. Rxe5 Rd8 41. Re6+ Kc7 42. a3 Rd2 43. Rxh6 Rxg2 44. Rg6 g4 45. fxg4 f3 46.
Ka2 Rxh2 47. Rf6 f2 48. Kb3 Rg2 49. g5 Rxg5 50. Rxf2 Rg3+ 51. Kc2 Kc6 52. Rd2
Rh3 53. Rd3 Rh2+ 54. Kc3 Rg2 55. Rf3 Rh2 56. Rf6+ Kb7 57. Rd6 Kc7 58. Rd2 Rh3+
59. Kc2 Kc6 60. b3 Rg3 61. Kb2 Rg4 62. Kc3 Rg3+ 63. Rd3 Rg2 64. a4 Rg5 65. Re3
Rh5 66. Rg3 Kd6 67. Kb2 Rh2+ 68. Ka3 Rh5 69. Rc3 Rh1 70. a5 Rh8 71. Rc5 Rb8 72.
Kb2 Rb7 73. Kc3 Rb8 74. Kd4 Ke7 75. Rc6 Rh8 76. Kc5 1-0

[Event "7th Sharjah Masters 2024"]
[Site "Sharjah UAE"]
[Date "2024.05.17"]
[Round "4.2"]
[White "Tabatabaei, M. Amin"]
[Black "Aravindh, Chithambaram VR."]
[Result "1/2-1/2"]
[WhiteTitle "GM"]
[BlackTitle "GM"]
[WhiteElo "2707"]
[BlackElo "2671"]
[WhiteFideId "12521213"]
[BlackFideId "5072786"]
[EventDate "2024.05.14"]

1. d4 Nf6 2. c4 e6 3. Nc3 Bb4 4. e3 c5 5. Bd3 d5 6. cxd5 Nxd5 7. Ne2 cxd4 8.
exd4 Nc6 9. O-O O-O 10. a3 Be7 11. Be4 Bf6 12. Qd3 g6 13. Bh6 Bg7 14. Bxg7 Kxg7
15. Rfe1 Qd6 16. Nb5 Qb8 17. Bxd5 exd5 18. Qf3 Be6 19. Rad1 a6 20. Nbc3 Qd6 21.
h4 f6 22. Nf4 Bf7 23. Nfxd5 Rad8 24. Ne3 Nxd4 25. Qxb7 Rd7 26. Qb4 Qxb4 27. axb4
Rb8 28. Ncd5 Nb5 29. Nf4 Rd4 30. Nh5+ Kf8 31. Nxf6 Kg7 32. Nd7 Rb7 33. Nc5 Rb6
34. h5 Rxb4 35. Rd7 Rd4 36. h6+ Kg8 37. Ng4 g5 38. Ree7 Bg6 39. Ne5 Rxd7 40.
Ncxd7 Rd6 41. Rg7+ Kh8 42. Nf8 Bh5 43. Rxh7+ Kg8 44. Ned7 Nd4 45. Rg7+ Kh8 46.
Rh7+ Kg8 47. g4 Ne2+ 48. Kf1 Nf4 49. Rg7+ Kh8 50. Rh7+ Kg8 51. f3 Be8 52. Rg7+
Kh8 53. Rh7+ Kg8 54. Rg7+ Kh8 55. Ne5 Rxh6 56. Re7 Bb5+ 57. Ke1 Kg8 58. Nfd7
Bxd7 59. Nxd7 Rh1+ 60. Kd2 Rh2+ 61. Kd1 Rxb2 62. Nf6+ Kf8 63. Ra7 Nh3 64. Ke1
Ra2 65. Ne4 Ra3 66. Nd2 Nf4 67. Kf2 Ra2 68. Ke3 Nd5+ 69. Ke2 Nf4+ 70. Kd1 Ra1+
71. Kc2 Ra2+ 72. Kc3 Nd5+ 73. Kd3 Nf4+ 74. Ke3 Nd5+ 75. Ke2 Nf4+ 1/2-1/2

[Event "7th Sharjah Masters 2024"]
[Site "Sharjah UAE"]
[Date "2024.05.17"]
[Round "4.3"]
[White "Shankland, Sam"]
[Black "Puranik, Abhimanyu"]
[Result "1/2-1/2"]
[WhiteTitle "GM"]
[BlackTitle "GM"]
[WhiteElo "2671"]
[BlackElo "2631"]
[WhiteFideId "2004887"]
[BlackFideId "5061245"]
[EventDate "2024.05.14"]

1. d4 d5 2. Nf3 Nf6 3. e3 e6 4. Nbd2 Nbd7 5. Bd3 c5 6. b3 Bd6 7. Bb2 b6 8. O-O
Bb7 9. Ne5 O-O 10. f4 cxd4 11. exd4 Ne4 12. Nxe4 dxe4 13. Bc4 Qc7 14. Rc1 Rad8
15. Qe2 Kh8 16. Qe3 Nf6 17. Qh3 Nd5 18. Bxd5 exd5 19. f5 Bxe5 20. dxe5 Qc5+ 21.
Kh1 d4 22. Rf4 g5 23. fxg6 fxg6 24. Rxf8+ Qxf8 25. e6 Kg8 26. Qh4 Re8 27. Bxd4
e3 28. Bxe3 Rxe6 29. Qc4 Qf5 30. Rd1 b5 31. Qd4 Qe4 32. Qxe4 Bxe4 33. Bxa7 Ra6
34. Rd4 Bxc2 35. Rd2 Rxa2 36. Bd4 Bxb3 37. Rxa2 Bxa2 38. Kg1 Kf7 39. Kf2 Ke6 40.
Ke3 Kd5 41. Bf6 Bb1 1/2-1/2